<?xml version="1.0" encoding="UTF-8"?>
<record
    xmlns:xsi="http://www.w3.org/2001/XMLSchema-instance"
    xsi:schemaLocation="http://www.loc.gov/MARC21/slim http://www.loc.gov/standards/marcxml/schema/MARC21slim.xsd"
    xmlns="http://www.loc.gov/MARC21/slim">

  <leader>00938nam a22002417a 4500</leader>
  <controlfield tag="005">20180703170942.0</controlfield>
  <datafield tag="010" ind1=" " ind2=" ">
    <subfield code="a">ENG-122875-76</subfield>
  </datafield>
  <datafield tag="020" ind1=" " ind2=" ">
    <subfield code="a">9780199482634</subfield>
    <subfield code="c">2495.00  (2 vol. set)</subfield>
  </datafield>
  <datafield tag="020" ind1=" " ind2=" ">
    <subfield code="a">9780199482641</subfield>
    <subfield code="c">2495.00  (2 vol. set)</subfield>
  </datafield>
  <datafield tag="035" ind1=" " ind2=" ">
    <subfield code="a">EN-106407-08</subfield>
  </datafield>
  <datafield tag="037" ind1=" " ind2=" ">
    <subfield code="b">DBAD/PUB</subfield>
  </datafield>
  <datafield tag="082" ind1=" " ind2=" ">
    <subfield code="a">338.4730223</subfield>
  </datafield>
  <datafield tag="245" ind1=" " ind2=" ">
    <subfield code="a">The indian media economy /</subfield>
    <subfield code="c">ed. by Adrian Athique; Vibodh Parthasarathi [and] S.V. Srinivas</subfield>
  </datafield>
  <datafield tag="260" ind1=" " ind2=" ">
    <subfield code="c">2018</subfield>
    <subfield code="a">New Delhi </subfield>
    <subfield code="b">Oxford University </subfield>
  </datafield>
  <datafield tag="270" ind1=" " ind2=" ">
    <subfield code="a">2/11 Ground Floor,Ansari Road,Daryaganj,</subfield>
    <subfield code="b">New Delhi </subfield>
    <subfield code="e">110002</subfield>
  </datafield>
  <datafield tag="300" ind1=" " ind2=" ">
    <subfield code="c">22cm(pbk)</subfield>
    <subfield code="a">vol. 2 (xiii, 273p.; xiii, 281p.) </subfield>
  </datafield>
  <datafield tag="500" ind1=" " ind2=" ">
    <subfield code="a">It include bibliography and index</subfield>
  </datafield>
  <datafield tag="505" ind1=" " ind2=" ">
    <subfield code="a">Vol. 1, Industrial dynamics and cultural adaptation.
Vol. II, Market dynamics and social transactions.</subfield>
  </datafield>
  <datafield tag="700" ind1=" " ind2=" ">
    <subfield code="a">Athique, Adrian</subfield>
  </datafield>
  <datafield tag="700" ind1=" " ind2=" ">
    <subfield code="a">Parthasarathi, Vibodh</subfield>
  </datafield>
  <datafield tag="700" ind1=" " ind2=" ">
    <subfield code="a">Srinivas, S.V.</subfield>
  </datafield>
  <datafield tag="942" ind1=" " ind2=" ">
    <subfield code="c">EN</subfield>
    <subfield code="2">ddc</subfield>
    <subfield code="m">THE</subfield>
    <subfield code="h">338.4730223</subfield>
  </datafield>
  <datafield tag="999" ind1=" " ind2=" ">
    <subfield code="c">151864</subfield>
    <subfield code="d">151864</subfield>
  </datafield>
  <datafield tag="952" ind1=" " ind2=" ">
    <subfield code="0">0</subfield>
    <subfield code="1">0</subfield>
    <subfield code="4">0</subfield>
    <subfield code="7">1</subfield>
    <subfield code="8">NFIC</subfield>
    <subfield code="a">DBAD</subfield>
    <subfield code="b">BL1</subfield>
    <subfield code="d">2018-05-03</subfield>
    <subfield code="e">DBAD/PUB</subfield>
    <subfield code="g">2495.00</subfield>
    <subfield code="l">0</subfield>
    <subfield code="o">338.4730223 THE</subfield>
    <subfield code="p">EN-106407</subfield>
    <subfield code="r">2018-05-03 00:00:00</subfield>
    <subfield code="t">1</subfield>
    <subfield code="v">2495.00</subfield>
    <subfield code="y">EN</subfield>
  </datafield>
  <datafield tag="952" ind1=" " ind2=" ">
    <subfield code="0">0</subfield>
    <subfield code="1">0</subfield>
    <subfield code="4">0</subfield>
    <subfield code="7">1</subfield>
    <subfield code="8">NFIC</subfield>
    <subfield code="a">DBAD</subfield>
    <subfield code="b">BL1</subfield>
    <subfield code="d">2018-05-03</subfield>
    <subfield code="e">DBAD/PUB</subfield>
    <subfield code="g">2495.00</subfield>
    <subfield code="l">0</subfield>
    <subfield code="o">338.4730223 THE</subfield>
    <subfield code="p">EN-106408</subfield>
    <subfield code="r">2018-05-03 00:00:00</subfield>
    <subfield code="t">1</subfield>
    <subfield code="v">2495.00</subfield>
    <subfield code="y">EN</subfield>
  </datafield>
</record>
